[Event "38th Olympiad"]
[Site "Dresden GER"]
[Date "2008.11.25"]
[Round "11"]
[White "Bachmann,Ax"]
[Black "Stefansson,H"]
[Result "1/2-1/2"]
[WhiteElo "2555"]
[BlackElo "2575"]
[EventDate "2008.11.13"]

1. e4 e5 2. Nf3 Nc6 3. Bb5 Nf6 4. O-O Nxe4 5. d4 Nd6 6. Bxc6 dxc6 7. dxe5
Nf5 8. Qxd8+ Kxd8 9. Rd1+ Ke8 10. Nc3 Ne7 11. Nd4 Bg4 12. f3 Bd7 13. Bg5
Ng6 14. Re1 h6 15. Be3 Bb4 16. Bd2 Bc5 17. Be3 Bb4 18. Bd2 Bc5 19. Be3
1/2-1/2

[Event "38th Olympiad"]
[Site "Dresden GER"]
[Date "2008.11.25"]
[Round "11"]
[White "Danielsen,Hen"]
[Black "Franco Ocampos,Z"]
[Result "0-1"]
[WhiteElo "2492"]
[BlackElo "2501"]
[EventDate "2008.11.13"]

1. e4 c5 2. d3 Nc6 3. g3 g6 4. Bg2 Bg7 5. f4 d6 6. Nf3 e5 7. Nc3 Nge7 8.
O-O Nd4 9. Be3 O-O 10. Qd2 Rb8 11. fxe5 dxe5 12. Rf2 Bg4 13. Raf1 Qd7 14.
Bh6 f6 15. Bxg7 Kxg7 16. Nd1 Rbd8 17. Ne3 Be6 18. Nh4 b5 19. c4 bxc4 20.
dxc4 Nc8 21. Kh1 Nd6 22. b3 Qc7 23. Nd1 Bd7 24. Nc3 Bc6 25. Qd1 Qd7 26. Qd3
Qb7 27. Re1 a5 28. Nf3 a4 29. Nd2 axb3 30. axb3 Nxb3 31. Rb1 Nxe4 32. Qxe4
Bxe4 33. Bxe4 Qe7 34. Nxb3 f5 35. Bd5 e4 36. Re2 Rb8 37. Nb5 Rb6 38. Nd2 h5
39. h4 Qd8 40. Nf1 g5 41. hxg5 Qxg5 42. Ne3 h4 43. gxh4 Qxh4+ 44. Rh2 Qf4
45. Re1 Rh6 46. Rxh6 Qxh6+ 47. Kg1 f4 48. Nd1 f3 49. Rxe4 Qg5+ 50. Kf1 Qg2+
51. Ke1 f2+ 52. Nxf2 Qxf2+ 53. Kd1 Qb2 54. Re7+ Kh6 55. Re6+ Kg5 56. Ke1
Rf2 57. Re5+ Kf4 58. Re4+ Kg3 59. Re3+ Kh2 0-1

[Event "38th Olympiad"]
[Site "Dresden GER"]
[Date "2008.11.25"]
[Round "11"]
[White "Kropff,R"]
[Black "Kristjansson,St"]
[Result "1/2-1/2"]
[WhiteElo "2286"]
[BlackElo "2474"]
[EventDate "2008.11.13"]

1. d4 Nf6 2. c4 e6 3. Nc3 c5 4. d5 exd5 5. cxd5 d6 6. Nf3 g6 7. Nd2 Bg7 8.
e4 O-O 9. Be2 Re8 10. O-O Nbd7 11. a4 Ne5 12. Re1 g5 13. Nf1 h6 14. Qc2 Ng6
15. Ng3 Nf4 16. Bc4 Ng4 17. Bd2 Bd4 18. Nd1 Qf6 19. Bc3 h5 20. Ne3 Nh6 21.
Rad1 a6 22. Ne2 Be5 23. Bxe5 Rxe5 24. Nc3 Ng4 25. Bf1 Nxe3 26. Rxe3 Bd7 27.
Qb3 Bc8 28. Nb1 Re8 29. Na3 Bd7 30. a5 Rab8 31. Qb6 Bg4 32. Rd2 Qd8 33. Nc4
Qxb6 34. Nxb6 Rbd8 35. f3 Bd7 36. b4 cxb4 37. Rc2 f5 38. Rc7 Bc8 39. Rb3
fxe4 40. fxe4 Bg4 41. Rxb4 Rf8 42. Rb2 Rf7 43. Rxf7 Kxf7 44. Rc2 Re8 45. h3
Bd1 46. Rd2 Bb3 47. Rb2 Bd1 48. Nc4 Kf6 49. Nxd6 Rf8 50. Nc4 g4 51. Ne3 Ba4
52. hxg4 Ke5 53. Rb4 Bb5 54. g3 Ne2+ 55. Bxe2 Bxe2 56. gxh5 Bxh5 57. Rxb7
Kxe4 58. Re7+ Kd4 59. d6 Bf3 60. d7 Bc6 61. Re8 Rxe8 62. dxe8=Q Bxe8 63.
Kf2 Kc5 64. Ke2 Bf7 65. Kd3 Kb4 66. Ke4 1/2-1/2

[Event "38th Olympiad"]
[Site "Dresden GER"]
[Date "2008.11.25"]
[Round "11"]
[White "Thorhallsson,T"]
[Black "Peralta,E"]
[Result "1/2-1/2"]
[WhiteElo "2455"]
[BlackElo "2257"]
[EventDate "2008.11.13"]

1. e4 e6 2. d4 d5 3. Nc3 Nc6 4. Nf3 Nf6 5. Bg5 Bb4 6. e5 h6 7. Bd2 Ne4 8.
Bd3 Nxd2 9. Qxd2 O-O 10. a3 Be7 11. Ne2 f6 12. exf6 Rxf6 13. O-O-O Rb8 14.
c3 Bd7 15. Bc2 Be8 16. h4 Bg6 17. Bxg6 Rxg6 18. Nf4 Rf6 19. Rde1 Na5 20.
Kc2 Nc4 21. Qc1 Qd6 22. Ne5 b5 23. Nfd3 a5 24. f3 Rff8 25. Nc5 b4 26. Nxc4
dxc4 27. Rxe6 Qd8 28. Qe3 Bxc5 29. dxc5 bxa3 30. bxa3 Qd5 31. Qe4 Qxc5 32.
Rb1 Rxb1 33. Kxb1 Qg1+ 34. Kc2 Qxg2+ 35. Qe2 Qxe2+ 36. Rxe2 Rxf3 37. Re4
Rf2+ 38. Kd1 Ra2 39. Rxc4 Rxa3 40. Rxc7 1/2-1/2

[Event "38th Olympiad"]
[Site "Dresden GER"]
[Date "2008.11.25"]
[Round "11"]
[White "Gonzales,Jay"]
[Black "Peralta,Fe"]
[Result "1-0"]
[WhiteElo "2469"]
[BlackElo "2557"]
[EventDate "2008.11.13"]

1. d4 d5 2. c4 c6 3. Nf3 Nf6 4. e3 Bg4 5. Qb3 Qb6 6. Nc3 e6 7. Nh4 Nbd7 8.
h3 Bh5 9. g4 Bg6 10. Nxg6 hxg6 11. Bg2 Qc7 12. Bd2 Nb6 13. cxd5 exd5 14.
Rc1 Qd7 15. g5 Nh7 16. h4 Nc4 17. Bh3 Qc7 18. Qc2 Bd6 19. Kf1 Qe7 20. Re1
Nxd2+ 21. Qxd2 O-O 22. e4 dxe4 23. Nxe4 Bb4 24. Qe3 Rfe8 25. Re2 Qd8 26. h5
Nf8 27. hxg6 Nxg6 28. Bf5 Qd5 29. Qh3 Qxd4 30. Bxg6 fxg6 31. Qb3+ Qd5 32.
Qxb4 Re5 33. Qb3 Rd8 34. Rd2 1-0

[Event "38th Olympiad"]
[Site "Dresden GER"]
[Date "2008.11.25"]
[Round "11"]
[White "Laylo,D"]
[Black "Flores,Di"]
[Result "1/2-1/2"]
[WhiteElo "2507"]
[BlackElo "2569"]
[EventDate "2008.11.13"]

1. d4 Nf6 2. c4 g6 3. Nc3 Bg7 4. g3 O-O 5. Bg2 d6 6. e4 Nfd7 7. Nge2 c5 8.
O-O cxd4 9. Nxd4 Nc6 10. Nde2 Nc5 11. Be3 a5 12. Rb1 a4 13. b4 axb3 14.
axb3 Bg4 15. f3 Be6 16. b4 Nd7 17. Nd5 Nce5 18. Qb3 Bxd5 19. cxd5 b5 20.
Bd4 Nc4 21. Bxg7 Ra3 22. Qd1 Kxg7 23. Ra1 Qb6+ 24. Qd4+ Qxd4+ 25. Nxd4 Rfa8
26. Rxa3 Rxa3 27. Nxb5 Rb3 28. Nd4 Rxb4 29. Nc6 Rb2 30. Rf2 Rb1+ 31. Rf1
Rb2 32. Rf2 Rb1+ 33. Rf1 Rb2 1/2-1/2

[Event "38th Olympiad"]
[Site "Dresden GER"]
[Date "2008.11.25"]
[Round "11"]
[White "Isaev,J"]
[Black "Godena,M"]
[Result "0-1"]
[WhiteElo "2400"]
[BlackElo "2517"]
[EventDate "2008.11.13"]

1. e4 e5 2. Nf3 Nc6 3. d4 exd4 4. Nxd4 Bc5 5. Nxc6 Qf6 6. Qd2 dxc6 7. Nc3
Ne7 8. Qf4 Be6 9. Qxf6 gxf6 10. Na4 Bb4+ 11. c3 Bd6 12. Be3 b6 13. f4 Rg8
14. g3 f5 15. e5 Nd5 16. Bf2 Be7 17. c4 Nb4 18. Kd2 O-O-O+ 19. Kc3 c5 20.
a3 Nc6 21. Bg2 Nd4 22. Rhe1 b5 23. cxb5 Nxb5+ 24. Kc2 Nd4+ 25. Bxd4 cxd4
26. b4 h5 27. Bf3 h4 28. gxh4 Bxh4 29. Rg1 Rxg1 30. Rxg1 Bf2 31. Rf1 Be3
32. Nc5 Rh8 33. Bb7+ Kd8 34. Rh1 Bxf4 35. h4 Ke7 36. Nd3 Be3 37. h5 Rh6 38.
Bf3 f4 39. Be4 Bg4 40. Rh4 Bxh5 41. Bf3 Bxf3 42. Rxh6 Be4 43. b5 f3 44. Rh1
f2 45. Rd1 Ke6 46. a4 Kd5 47. Rb1 Bg6 48. a5 Bf5 49. a6 Be4 50. b6 cxb6 51.
Rb5+ Kc6 52. Rb1 b5 53. Rd1 b4 54. Rb1 b3+ 0-1

[Event "38th Olympiad"]
[Site "Dresden GER"]
[Date "2008.11.25"]
[Round "11"]
[White "Khamdamov,S"]
[Black "Brunello,S"]
[Result "0-1"]
[WhiteElo "2219"]
[BlackElo "2455"]
[EventDate "2008.11.13"]

1. d4 Nf6 2. c4 e6 3. Nc3 Bb4 4. e3 O-O 5. Bd3 d5 6. a3 Bxc3+ 7. bxc3 c5 8.
Nf3 b6 9. cxd5 exd5 10. Ne5 Ba6 11. Bxa6 Nxa6 12. O-O Nc7 13. a4 Ne6 14.
Ba3 Re8 15. Qb3 Rc8 16. Rfd1 Ne4 17. f3 c4 18. Qc2 Nd6 19. e4 dxe4 20. fxe4
f6 21. Nf3 Nf4 22. Bxd6 Qxd6 23. Re1 Qd7 24. h3 a6 25. Qd2 Nd3 26. Re3 b5
27. axb5 axb5 28. Rb1 Kh8 29. d5 Qa7 30. Kh1 Qc5 31. Kh2 f5 32. Nd4 Qd6+
33. Kg1 fxe4 34. Rxb5 Ra8 35. Nc2 Qd7 36. Nd4 Ra1+ 37. Kh2 Qd6+ 38. g3 h6
39. Nf5 Qe5 40. Nh4 Qf6 41. Qe2 Rf1 42. Ng2 Rf2 43. Qh5 Rxg2+ 44. Kxg2 Qf2+
45. Kh1 Qf1+ 46. Kh2 Rf8 47. Re2 Nf2 0-1

[Event "38th Olympiad"]
[Site "Dresden GER"]
[Date "2008.11.25"]
[Round "11"]
[White "Saeheng,B"]
[Black "Rahman,Zia"]
[Result "0-1"]
[WhiteElo "2314"]
[BlackElo "2510"]
[EventDate "2008.11.13"]

1. d4 d6 2. c4 e5 3. dxe5 dxe5 4. Qxd8+ Kxd8 5. Nf3 f6 6. e3 Be6 7. Be2 Nd7
8. O-O Nh6 9. Rd1 c6 10. Nc3 Kc7 11. b3 a5 12. Bb2 Nc5 13. Ba3 Nf7 14. Nb1
b6 15. Ne1 h5 16. Nd3 Nxd3 17. Bxd3 Bb4 18. Kf1 h4 19. h3 Rhd8 20. Ke2 Nd6
21. Bc2 Bf7 22. f3 e4 23. Bxb4 exf3+ 24. gxf3 axb4 25. Nd2 Be6 26. Rh1 g5
27. Rh2 b5 28. c5 Nb7 29. Ne4 Bf5 30. Ke1 Bxe4 31. Bxe4 Nxc5 32. Bc2 Re8
33. Re2 Ra3 34. Bd1 Rea8 35. Kf1 Nxb3 36. Rb1 Nc5 37. Rxb4 Rxa2 38. Rxa2
Rxa2 39. f4 Ra1 40. Ke2 g4 41. f5 gxh3 42. Rxh4 h2 0-1

[Event "38th Olympiad"]
[Site "Dresden GER"]
[Date "2008.11.25"]
[Round "11"]
[White "Hossain,Enam"]
[Black "Pornariyasombat,A"]
[Result "1-0"]
[WhiteElo "2494"]
[BlackElo "2173"]
[EventDate "2008.11.13"]

1. e4 c5 2. c3 g6 3. Nf3 Bg7 4. d3 Nc6 5. g3 d5 6. Nbd2 Nf6 7. Bg2 O-O 8.
O-O b6 9. Re1 dxe4 10. dxe4 Qc7 11. Qe2 Nd7 12. e5 Kh8 13. Nc4 Ba6 14. Bf4
e6 15. Qe4 Rab8 16. Nd6 Nd8 17. Rad1 c4 18. Bg5 Nc5 19. Qh4 Nd3 20. Bf6 Kg8
21. Re4 Nb7 22. Ng5 h5 23. Nxb7 Rxb7 24. g4 Nxe5 25. Bxe5 Bxe5 26. gxh5 Kg7
27. Nf3 f6 28. Nxe5 fxe5 29. Rg4 Rf6 30. h6+ 1-0

[Event "38th Olympiad"]
[Site "Dresden GER"]
[Date "2008.11.25"]
[Round "11"]
[White "Minhazuddin,A"]
[Black "Pitirotjirathon,J"]
[Result "1-0"]
[WhiteElo "2377"]
[BlackElo "2293"]
[EventDate "2008.11.13"]

1. e4 e6 2. d4 d5 3. Nd2 c5 4. exd5 Qxd5 5. dxc5 Bxc5 6. Ngf3 Nf6 7. Bc4
Qd8 8. O-O Nc6 9. Qe2 Qc7 10. Nb3 Bd6 11. Bg5 Bd7 12. c3 Ng4 13. h3 h6 14.
Bd2 Nge5 15. Nxe5 Nxe5 16. Bb5 Bxb5 17. Qxb5+ Qc6 18. Nd4 Qxb5 19. Nxb5 Bb8
20. Rad1 a6 21. Na3 Ba7 22. Bf4 Ng6 23. Bg3 Rc8 24. Rd3 Bc5 25. Nc2 Rd8 26.
Rfd1 Rxd3 27. Rxd3 Ne7 28. b4 Bb6 29. Na3 Nf5 30. Nc4 Nxg3 31. Rxg3 Bc7 32.
Rd3 Ke7 33. Kf1 b5 34. Nd2 Rc8 35. Nf3 e5 36. Nd2 f5 37. f3 Bb6 38. Ke2 Ke6
39. Kd1 g5 40. g4 Rc6 41. Kc2 h5 42. Kb3 hxg4 43. hxg4 Kf6 44. gxf5 Kxf5
45. a4 Kf4 46. axb5 axb5 47. Rd5 g4 48. fxg4 e4 49. Nxe4 Kxe4 50. Rxb5 Be3
51. Rb8 Rg6 52. Re8+ Kd3 53. Rd8+ Ke4 54. c4 Rxg4 55. c5 Rg1 56. Kc4 Rc1+
57. Kb5 Bf2 58. Rg8 Be1 59. Kc6 Kf5 60. Rg1 Ke5 61. Rf1 Kd4 62. Rf4+ Ke5
63. Rg4 Bd2 64. Rh4 Rg1 65. Rh5+ Ke6 66. b5 Rg6 67. Rd5 Bf4 68. b6 Rg8 69.
Rd4 Be5 70. Rd1 Rg2 71. Kb7 Rg7+ 72. Ka6 Rg2 73. c6 Rg7 74. Rc1 Rg8 75. c7
Kd7 76. Kb7 Bd4 77. Rd1 1-0

[Event "38th Olympiad"]
[Site "Dresden GER"]
[Date "2008.11.25"]
[Round "11"]
[White "Damaso,R"]
[Black "Boshku,H"]
[Result "1/2-1/2"]
[WhiteElo "2424"]
[BlackElo "2308"]
[EventDate "2008.11.13"]

1. Nf3 c5 2. e4 Nc6 3. Bb5 g6 4. O-O Bg7 5. c3 Nf6 6. e5 Nd5 7. d4 cxd4 8.
cxd4 O-O 9. Nc3 Nc7 10. h3 Nxb5 11. Nxb5 a6 12. Nc3 d6 13. Re1 b5 14. exd6
Qxd6 15. d5 Bxc3 16. bxc3 Rd8 17. a4 Qxd5 18. Qe2 Bf5 19. axb5 axb5 20. Be3
Qc4 21. Qxc4 bxc4 22. Nd4 Nxd4 23. Bxd4 Kf8 24. Rxa8 Rxa8 25. Bc5 Be6 26.
Rb1 Rc8 27. Ba3 Ke8 28. Rb7 Bd7 29. f4 h5 30. h4 f6 31. Ra7 Rc6 32. Ra8+
Kf7 33. Ra7 Ke8 34. Ra8+ Bc8 35. Kf2 Rc7 36. Bb4 Kf7 37. Ba5 Rc6 38. Ra7
Bf5 39. Rc7 Rxc7 40. Bxc7 1/2-1/2

[Event "38th Olympiad"]
[Site "Dresden GER"]
[Date "2008.11.25"]
[Round "11"]
[White "Rocha,S"]
[Black "Rama,L"]
[Result "1-0"]
[WhiteElo "2417"]
[BlackElo "2297"]
[EventDate "2008.11.13"]

1. e4 e5 2. Nf3 Nc6 3. Bb5 a6 4. Bxc6 dxc6 5. O-O f6 6. d4 exd4 7. Nxd4 c5
8. Ne2 Qxd1 9. Rxd1 Bd7 10. Bf4 O-O-O 11. Nbc3 Ne7 12. Rd2 Ng6 13. Bg3 Re8
14. Rad1 Bc6 15. Nf4 Ne5 16. Ne6 b6 17. Rd8+ Kb7 18. Rxe8 Bxe8 19. Bxe5
fxe5 20. Rd5 Bd6 21. Nxg7 Bc6 22. Rd1 c4 23. Nf5 Bc5 24. Kf1 b5 25. Nd5 Rf8
26. c3 Bd7 27. g4 Be6 28. Ke2 a5 29. f3 c6 30. Nde3 Kc7 31. a3 Rb8 32. Nc2
Bf8 33. h4 c5 34. g5 b4 35. h5 bxc3 36. bxc3 Rb2 37. Rd2 Bf7 38. h6 Rb3 39.
Nce3 Rxa3 40. Nd5+ Bxd5 41. g6 Bg8 42. g7 Bxg7 43. hxg7 Rxc3 44. Nh6 Be6
45. Rd5 Rc2+ 46. Kd1 Rg2 47. Rxe5 Kd6 48. Rxe6+ Kxe6 49. g8=Q+ Rxg8 50.
Nxg8 Ke5 51. Nh6 a4 52. Kc2 a3 53. Ng4+ Kf4 54. e5 Kf5 55. f4 h5 56. Ne3+
Ke6 57. Ng2 Kf5 58. Nh4+ Ke6 59. Kc3 Kd5 60. Nf3 Ke6 61. Ng5+ Kf5 62. e6
Kf6 63. f5 h4 64. Nh3 Ke7 65. Nf4 Kf6 66. Nd5+ Kg7 67. f6+ 1-0

[Event "38th Olympiad"]
[Site "Dresden GER"]
[Date "2008.11.25"]
[Round "11"]
[White "Nokes,R"]
[Black "El Debs,F"]
[Result "0-1"]
[WhiteElo "2293"]
[BlackElo "2447"]
[EventDate "2008.11.13"]

1. e4 c5 2. Nf3 e6 3. d3 Nc6 4. g3 g6 5. Bg2 Bg7 6. c3 d5 7. Qe2 Nge7 8.
O-O b6 9. Na3 Ba6 10. e5 b5 11. Nc2 b4 12. c4 O-O 13. b3 Qc7 14. Re1 h6 15.
h4 Bb7 16. Bf4 a5 17. a4 bxa3 18. Nxa3 Ba6 19. Rac1 Rab8 20. cxd5 Nxd5 21.
Rxc5 Rxb3 22. Nc4 Rb5 23. Rxc6 Qxc6 24. Nd4 Qc5 25. Nxb5 Nxf4 26. gxf4 Bxb5
27. Nxa5 Bxd3 28. Qxd3 Qxa5 29. Rd1 h5 30. Be4 Qb4 31. Kg2 Qe7 32. Kh3 Bh6
33. Qg3 Kh8 34. Rb1 Qc7 35. Qf3 Qa5 36. Rd1 Rc8 37. Qg3 Qa4 38. Re1 Qb4 39.
Re3 Rc1 40. Qf3 Rg1 41. Qe2 Bxf4 42. Bxg6 Rxg6 43. Rd3 Qb1 44. Qxh5+ Kg7
45. Qf3 Qf1+ 0-1

[Event "38th Olympiad"]
[Site "Dresden GER"]
[Date "2008.11.25"]
[Round "11"]
[White "Diamant,A"]
[Black "Lukey,S"]
[Result "1-0"]
[WhiteElo "2412"]
[BlackElo "2271"]
[EventDate "2008.11.13"]

1. e4 e6 2. d4 d5 3. Nd2 c5 4. Ngf3 Nc6 5. exd5 exd5 6. Bb5 Bd6 7. dxc5
Bxc5 8. O-O Nge7 9. Nb3 Bd6 10. Bg5 O-O 11. Bh4 Bg4 12. Bg3 Nf5 13. Qxd5
Bxg3 14. Qxd8 Bxf2+ 15. Rxf2 Nxd8 16. Ne5 Nd6 17. Bd3 Bh5 18. g4 Re8 19.
Re2 f6 20. gxh5 Rxe5 21. Rxe5 fxe5 22. Re1 Nc6 23. Nc5 Rd8 24. c3 b6 25.
Ne6 Re8 26. Nc7 Re7 27. Nd5 Rf7 28. Bc2 Kh8 29. Rd1 Nf5 30. Ba4 Nfe7 31.
Nxe7 1-0

[Event "38th Olympiad"]
[Site "Dresden GER"]
[Date "2008.11.25"]
[Round "11"]
[White "Gundavaa,B"]
[Black "Al Modiahki,M"]
[Result "0-1"]
[WhiteElo "2458"]
[BlackElo "2559"]
[EventDate "2008.11.13"]

1. d4 Nf6 2. c4 g6 3. g3 Bg7 4. Bg2 O-O 5. Nf3 d6 6. O-O Nc6 7. Nc3 a6 8.
d5 Na5 9. Qd3 c5 10. dxc6 Nxc6 11. Bg5 h6 12. Bxf6 Bxf6 13. Rac1 Bg7 14. b3
Qa5 15. Qd2 Be6 16. Rfd1 Rfc8 17. e3 Rab8 18. Nd5 Qxd2 19. Rxd2 Bxd5 20.
Rxd5 Nb4 21. Rd2 b5 22. a3 bxc4 23. bxc4 Nc6 24. Nd4 Na5 25. Rdc2 Rc5 26.
Nf3 Rb3 27. Nd2 Rxa3 28. Rb1 Rc8 29. h4 Bc3 30. Ne4 Be5 31. Nd2 g5 32. h5
g4 33. Rb6 Ra1+ 34. Kh2 Rc5 35. Bf1 Rc6 36. Rb8+ Kg7 37. Re8 Rc7 38. Be2
Nc6 39. Nb3 Rb1 40. Nd2 Re1 41. Nb3 Nb4 42. Rd2 Bc3 43. Bxg4 Bxd2 44. Nxd2
Nd3 45. Kg2 Ne5 46. Bf3 Rc1 47. Nb3 R1xc4 48. Nd4 Nxf3 49. Kxf3 e6 50. Ra8
Ra4 51. g4 Ra2 52. Kg3 Rc1 53. Ra7 Kf6 54. Nb5 Rg1+ 55. Kf3 Rf1 56. Nxd6
Raxf2+ 57. Kg3 Ke5 58. Rxa6 Rf3+ 59. Kg2 R1f2+ 60. Kg1 Rd2 0-1

[Event "38th Olympiad"]
[Site "Dresden GER"]
[Date "2008.11.25"]
[Round "11"]
[White "Al Hitmi,M"]
[Black "Bayarmandah,B"]
[Result "0-1"]
[WhiteElo "2161"]
[BlackElo "2339"]
[EventDate "2008.11.13"]

1. d4 Nf6 2. c4 g6 3. Nc3 Bg7 4. e4 d6 5. Be2 O-O 6. Bg5 c5 7. d5 a6 8. a4
Qa5 9. Bd2 Qd8 10. Bg5 h6 11. Be3 e6 12. Qd2 exd5 13. exd5 Kh7 14. h3 Re8
15. Nf3 Nbd7 16. O-O Ne4 17. Nxe4 Rxe4 18. Bd3 Re8 19. Rfe1 Ne5 20. Nxe5
Rxe5 21. Bf4 Rxe1+ 22. Rxe1 Bf8 23. Qe2 Bd7 24. b3 Qf6 25. Bg3 Qc3 26. Qd1
b5 27. Re3 Qb2 28. h4 bxa4 29. h5 a3 30. hxg6+ Kh8 31. Re2 Qd4 32. Ra2 fxg6
33. Qf3 Kg7 34. Qe4 Qxe4 35. Bxe4 Be7 36. Rxa3 h5 37. Kf1 h4 38. Bh2 g5 39.
f3 a5 40. Bc2 Ra6 41. Bg1 g4 42. fxg4 Bxg4 43. Bf2 Ra7 44. Ra1 Bf6 45. Re1
Bd7 46. Re4 Bf5 47. Re2 Bxc2 48. Rxc2 Rb7 49. Be1 Rxb3 50. Bxa5 Kg6 51. Re2
Be5 52. Re4 Rb1+ 53. Ke2 Rb2+ 54. Kf3 Bg3 55. Be1 Bxe1 56. Rxe1 Kf5 57. Re6
Rb3+ 58. Kf2 Rc3 59. Rxd6 Rxc4 60. Rh6 Kg4 61. Rg6+ Kf4 62. d6 Rd4 63. Ke2
c4 64. Rf6+ Ke5 65. Rf3 Kxd6 66. Rf8 Kc5 67. Rb8 Rg4 68. Kf3 Rg3+ 69. Kf2
Rd3 70. Ke2 Rb3 71. Rh8 Rb2+ 72. Kd1 Rxg2 73. Rxh4 Kb4 74. Rh8 Kb3 75. Rb8+
Kc3 76. Rd8 Rg1+ 77. Ke2 Kc2 78. Rc8 c3 79. Ra8 Rg7 80. Rc8 Re7+ 81. Kf3
Kd2 82. Rd8+ Kc1 83. Rc8 c2 84. Rd8 Rb7 85. Ke2 Kb1 0-1

[Event "38th Olympiad"]
[Site "Dresden GER"]
[Date "2008.11.25"]
[Round "11"]
[White "Cueto,Jo"]
[Black "Nedev,T"]
[Result "0-1"]
[WhiteElo "2320"]
[BlackElo "2525"]
[EventDate "2008.11.13"]

1. d4 c5 2. c3 Nf6 3. dxc5 e6 4. b4 a5 5. Nd2 axb4 6. cxb4 Na6 7. Rb1 Nd5
8. a3 Nc3 9. Qc2 Nxb1 10. Qxb1 d6 11. cxd6 Bxd6 12. Ngf3 O-O 13. e4 Bf4 14.
e5 Nc7 15. Qe4 Bxd2+ 16. Nxd2 Qd5 17. Qe3 Bd7 18. Bd3 Bb5 19. Be4 Qd7 20.
h4 Nd5 21. Qf3 Rac8 22. Bb2 Rfd8 23. Nb3 Nc3 24. Bc2 Be2 25. Qxc3 Rxc3 26.
Bxc3 Bd1 27. Nc5 Qd5 28. Bd3 Qxg2 29. Be4 Bf3 0-1

[Event "38th Olympiad"]
[Site "Dresden GER"]
[Date "2008.11.25"]
[Round "11"]
[White "Stanojoski,Z"]
[Black "Campero,R"]
[Result "1/2-1/2"]
[WhiteElo "2502"]
[BlackElo "2255"]
[EventDate "2008.11.13"]

1. e4 g6 2. d4 Bg7 3. Nc3 d6 4. f4 e6 5. Nf3 a6 6. Bd3 Ne7 7. O-O Nd7 8. f5
exf5 9. exf5 Nf6 10. Bg5 O-O 11. Qd2 Kh8 12. Nh4 c6 13. Rae1 d5 14. Kh1
gxf5 15. Bxf5 Nxf5 16. Nxf5 Bxf5 17. Rxf5 Qd6 18. Bf4 Qd7 19. Rg5 Rg8 20.
Be5 Ne8 21. Bg3 f6 22. Rh5 Bf8 23. Qf2 Rg6 24. Rf5 Qg7 25. Re6 Qf7 26. Re1
Ng7 27. Rf3 Nh5 28. Bh4 Bd6 29. g4 Rxg4 30. Bxf6+ Nxf6 31. Rxf6 Qc7 32.
Rfe6 Rf8 33. Re8 Qg7 34. Rxf8+ Qxf8 35. Qxf8+ Bxf8 36. Re8 Kg8 37. Ne2 Rg7
38. Ng3 Re7 39. Rb8 Kf7 40. Kg2 Rc7 41. Nf5 c5 42. c3 cxd4 43. Nxd4 Bg7 44.
Nf5 Be5 45. Rd8 Ke6 46. Ne3 Bd6 47. Re8+ Re7 48. Rxe7+ Bxe7 49. Kf3 Bf6 50.
Ng4 Bg5 51. Nf2 Kf5 52. h3 b5 53. Nd3 Be7 54. Nf4 Ke5 55. Nd3+ Kf5 56. Nf4
Ke5 1/2-1/2

[Event "38th Olympiad"]
[Site "Dresden GER"]
[Date "2008.11.25"]
[Round "11"]
[White "Gemy,J"]
[Black "Colovic,A"]
[Result "0-1"]
[WhiteElo "2200"]
[BlackElo "2458"]
[EventDate "2008.11.13"]

1. d4 Nf6 2. Bg5 e6 3. Nf3 h6 4. Bh4 d6 5. Nbd2 g5 6. Bg3 Nh5 7. e4 Bg7 8.
Bd3 Nc6 9. c3 g4 10. Ng1 Nxg3 11. hxg3 Qg5 12. Qb3 h5 13. Ne2 a6 14. O-O-O
b6 15. f4 gxf3 16. gxf3 Bb7 17. Rh2 Bf6 18. f4 Qg4 19. e5 dxe5 20. dxe5 Be7
21. Be4 O-O-O 22. Qa4 b5 23. Qc2 Bc5 24. Bf3 Qg6 25. Be4 Qg4 26. Bf3 Qg6
27. Be4 Qg7 28. Bf3 Rd7 29. Nb3 Be3+ 30. Kb1 Rxd1+ 31. Qxd1 Qg6+ 32. Ka1
Rd8 33. Qh1 Na5 34. Bxb7+ Nxb7 35. Qb1 c5 36. Qxg6 fxg6 37. Kb1 a5 38. g4
hxg4 39. Rg2 a4 40. Nbc1 Na5 41. Rg3 Bf2 42. Rxg4 Nc4 43. b3 axb3 44. Nxb3
Rd1+ 45. Nec1 Na3+ 46. Kb2 b4 47. cxb4 cxb4 48. Rxg6 Be1 49. Nc5 Bc3+ 50.
Kb3 Rxc1 51. Rg8+ Kc7 52. Na6+ Kd7 53. Rg7+ Kd8 54. Nxb4 Bxb4 55. Kxb4 Nc2+
56. Ka5 Rf1 57. Rg8+ Kd7 58. Rf8 Ke7 59. Rc8 Ne3 60. Rc7+ Kd8 61. Rc6 Kd7
62. Rd6+ Ke7 63. Ra6 Rxf4 64. Ra7+ Kd8 65. Kb6 Re4 66. a4 Rxe5 67. a5 Nc4+
68. Kc6 Nxa5+ 69. Kd6 Nc4+ 0-1

[Event "38th Olympiad"]
[Site "Dresden GER"]
[Date "2008.11.25"]
[Round "11"]
[White "Baburin,A"]
[Black "Hussein,HA"]
[Result "1/2-1/2"]
[WhiteElo "2544"]
[BlackElo "2354"]
[EventDate "2008.11.13"]

1. d4 Nf6 2. c4 e6 3. Nc3 Bb4 4. e3 O-O 5. Nge2 Re8 6. a3 Bf8 7. Ng3 d5 8.
cxd5 exd5 9. b4 c6 10. Bd3 Nbd7 11. O-O a5 12. Rb1 axb4 13. axb4 Nb6 14.
Qc2 Be6 15. Nce2 Bd6 16. b5 cxb5 17. Rxb5 Bd7 18. Rb1 g6 19. Qb3 Bc7 20.
Nc3 Bc6 21. Nb5 Bb8 22. Rd1 Nc8 23. Nf1 Nd6 24. Bd2 Nfe4 25. Be1 Nf5 26.
Ra1 Rxa1 27. Rxa1 Ned6 28. Nxd6 Nxd6 29. Bb4 Ne4 30. f3 Ng5 31. Be1 Ne6 32.
Bg3 Bxg3 33. hxg3 Qf6 34. Qb6 Kg7 35. Rc1 Ra8 36. Bb5 Qd8 37. Qxd8 Nxd8 38.
Bxc6 bxc6 39. g4 Kf6 40. Rc2 Ke7 41. Ng3 Kd6 42. Ne2 Ne6 43. Kf2 Ra3 44. f4
Nc7 45. g5 Ne6 46. Kf3 Ra1 47. Rc1 Rxc1 48. Nxc1 c5 49. dxc5+ Nxc5 50. Ke2
Ne4 51. Nb3 f6 52. gxf6 Nxf6 53. Nd4 h6 54. Kf3 Ne4 55. g4 Ke7 56. Nc6+ Ke6
57. Nd4+ 1/2-1/2

[Event "38th Olympiad"]
[Site "Dresden GER"]
[Date "2008.11.25"]
[Round "11"]
[White "Hussein,NA"]
[Black "Kelly,B"]
[Result "1/2-1/2"]
[WhiteElo "2338"]
[BlackElo "2488"]
[EventDate "2008.11.13"]

1. e4 e6 2. d4 d5 3. Nc3 Bb4 4. exd5 exd5 5. Bd3 Nc6 6. Nf3 Nge7 7. O-O O-O
8. Ne2 Bf5 9. Bxf5 Nxf5 10. Qd3 Qd7 11. h3 Rfe8 12. Nf4 a6 13. g4 Nfe7 14.
Nh5 Ng6 15. c3 Bf8 16. Bd2 f6 17. Rae1 Rad8 18. Kg2 Nce7 19. Re2 Nc8 20.
Rfe1 Nd6 21. Ng3 Rxe2 22. Rxe2 Re8 23. Rxe8 Qxe8 24. h4 Qd7 25. h5 Ne7 26.
Nh2 Qe6 27. Bf4 c6 28. Qe2 Qxe2 29. Nxe2 Nc4 30. b3 Na3 31. Nf3 Nc8 32. Ne1
Nd6 33. Kf3 Kf7 34. Ke3 Be7 35. f3 Ke6 36. Nd3 Nf7 37. Kd2 Kd7 38. Ng3 g6
39. hxg6 hxg6 40. Be3 Nb5 41. Ne2 Nc7 42. Nef4 g5 43. Nh5 Ne6 44. c4 Nd6
45. cxd5 cxd5 46. Ng3 b6 47. Ne2 Nc7 48. Nc3 Ndb5 49. a4 Nxc3 50. Kxc3 a5
51. f4 gxf4 52. Nxf4 Bd6 53. Nh5 Ne8 54. Kd3 Ke7 55. Bf4 Bxf4 56. Nxf4 Nc7
57. Ke3 Kd6 58. Nh5 Ke7 59. Nf4 Kd6 60. Kf3 Na6 61. Nd3 Nb8 62. Nf4 Nc6 63.
Ke3 Nb4 64. Ne2 Nc2+ 65. Kd2 Nb4 66. Ke3 Nc2+ 67. Kd2 Nb4 68. Ke3 1/2-1/2

[Event "38th Olympiad"]
[Site "Dresden GER"]
[Date "2008.11.25"]
[Round "11"]
[White "Collins,S IRL"]
[Black "Ahmed,Abdu"]
[Result "1-0"]
[WhiteElo "2412"]
[BlackElo "2246"]
[EventDate "2008.11.13"]

1. e4 c5 2. Nf3 e6 3. c3 Nf6 4. e5 Nd5 5. d4 cxd4 6. cxd4 b6 7. Bd3 Qc7 8.
O-O Ba6 9. a3 Bxd3 10. Qxd3 d6 11. Be3 Nd7 12. Rc1 Qb7 13. Nc3 dxe5 14.
Nxe5 Nxe5 15. dxe5 Nxe3 16. Qxe3 Rd8 17. Nb5 Bc5 18. Rxc5 bxc5 19. Qxc5 Qe7
20. Nd6+ Kf8 21. Rc1 g6 22. h3 Rd7 23. b4 Kg7 24. b5 Rb8 25. a4 Qd8 26. Qc3
Kg8 27. a5 Rxd6 28. exd6 Qxd6 29. Rb1 Qd8 30. Qb4 h5 31. b6 axb6 32. axb6
Rb7 33. Qc5 Qd5 34. Qxd5 exd5 35. Kf1 Kf8 36. Ke2 Ke7 37. Kd3 Kd6 38. Kd4
f6 39. Rb3 Kc6 40. Rc3+ Kb5 41. Kxd5 Rd7+ 42. Ke6 Rb7 43. Rb3+ Kc4 44. Rb1
f5 45. Kf6 f4 46. Kxg6 f3 47. gxf3 Kd4 1-0

[Event "38th Olympiad"]
[Site "Dresden GER"]
[Date "2008.11.25"]
[Round "11"]
[White "Albadri,A"]
[Black "Heidenfeld,M"]
[Result "0-1"]
[WhiteElo "2163"]
[BlackElo "2364"]
[EventDate "2008.11.13"]

1. d4 e6 2. c4 Nf6 3. Nc3 Bb4 4. Qc2 c5 5. dxc5 Na6 6. a3 Bxc3+ 7. Qxc3
Nxc5 8. b4 Nce4 9. Qd4 d5 10. c5 b6 11. f3 bxc5 12. bxc5 Qa5+ 13. Qb4 Qxb4+
14. axb4 Nc3 15. e3 Bd7 16. Bb2 Na4 17. Bd4 a6 18. Bd3 Rb8 19. Rb1 Bb5 20.
Bc2 Bc6 21. Kd2 Nd7 22. f4 a5 23. b5 Rxb5 24. Bxa4 Rxb1 25. Bxc6 Ke7 26. e4
Rc8 27. exd5 exd5 28. Bxd7 Kxd7 29. h4 Rf1 30. Ke2 Rxf4 31. Nf3 Re8+ 32.
Kd3 f6 33. Rb1 Rg4 34. Rb7+ Kc8 35. Rb2 Re7 36. c6 Re6 37. Rc2 a4 38. h5 a3
39. h6 gxh6 40. c7 Ra6 41. Ba1 Rg7 42. Rc1 Rxc7 43. Rh1 a2 44. Nd4 Rb6 45.
Kd2 Rb1 46. Rd1 Rg7 0-1